<?xml version="1.0" encoding="UTF-8"?><?xml-stylesheet type="text/xsl" href="static/style.xsl"?><OAI-PMH xmlns="http://www.openarchives.org/OAI/2.0/" xmlns:xsi="http://www.w3.org/2001/XMLSchema-instance" xsi:schemaLocation="http://www.openarchives.org/OAI/2.0/ http://www.openarchives.org/OAI/2.0/OAI-PMH.xsd"><responseDate>2026-04-14T18:21:36Z</responseDate><request verb="GetRecord" identifier="oai:uvadoc.uva.es:10324/75111" metadataPrefix="marc">https://uvadoc.uva.es/oai/request</request><GetRecord><record><header><identifier>oai:uvadoc.uva.es:10324/75111</identifier><datestamp>2025-03-07T07:16:39Z</datestamp><setSpec>com_10324_2555</setSpec><setSpec>col_10324_2556</setSpec></header><metadata><record xmlns="http://www.loc.gov/MARC21/slim" xmlns:doc="http://www.lyncode.com/xoai" xmlns:xsi="http://www.w3.org/2001/XMLSchema-instance" xmlns:dcterms="http://purl.org/dc/terms/" xsi:schemaLocation="http://www.loc.gov/MARC21/slim http://www.loc.gov/standards/marcxml/schema/MARC21slim.xsd">
<leader>00925njm 22002777a 4500</leader>
<datafield tag="042" ind1=" " ind2=" ">
<subfield code="a">dc</subfield>
</datafield>
<datafield tag="720" ind1=" " ind2=" ">
<subfield code="a">Navarro Carrascosa, Carles</subfield>
<subfield code="e">author</subfield>
</datafield>
<datafield tag="260" ind1=" " ind2=" ">
<subfield code="c">2025</subfield>
</datafield>
<datafield tag="520" ind1=" " ind2=" ">
<subfield code="a">Actividades y ejercicios para aprender las preposiciones españolas para estudiantes de español para extranjeros de nivel A2. El enfoque gramatical que presentan estos ejercicios se basa en la Lingüística Cognitiva.  Este documento es una buena muestra de materiales didácticos para profesores en ciernes, así como una buena práctica para aprendientes de español como lengua extranjera.</subfield>
</datafield>
<datafield tag="024" ind2=" " ind1="8">
<subfield code="a">https://uvadoc.uva.es/handle/10324/75111</subfield>
</datafield>
<datafield ind1=" " ind2=" " tag="653">
<subfield code="a">Español para extranjeros</subfield>
</datafield>
<datafield ind1=" " ind2=" " tag="653">
<subfield code="a">Gramática española</subfield>
</datafield>
<datafield tag="245" ind1="0" ind2="0">
<subfield code="a">Preposiciones españolas ESPAÑOL A2</subfield>
</datafield>
</record></metadata></record></GetRecord></OAI-PMH>